Statistiques concernant Meilleurs pointeurs de l'histoire des Blackhawks de Chicago

Cliquez ici pour prendre le quiz!

Statistiques générales

  • Ce quiz a été pris 11 fois
  • Le résultat moyen est 10 sur 50

Statistiques - réponses

RangJoueurPTS% Correct
7Jonathan Toews755
100%
4Patrick Kane938
100%
11Duncan Keith583
78%
20Chris Chelios487
67%
3Denis Savard1096
67%
2Bobby Hull1153
44%
23Brent Seabrook460
44%
8Dennis Hull640
33%
6Doug Wilson779
33%
10Jeremy Roenick596
33%
27Marian Hossa415
33%
15Patrick Sharp532
33%
1Stan Mikita1467
33%
5Steve Larmer923
33%
26Alexei Zhamnov424
22%
17Bob Murray514
22%
29Eric Daze398
22%
9Pit Martin627
22%
28Tom Lysiak412
22%
12Tony Amonte541
22%
32Al Secord373
11%
25Chico Maki436
11%
35Dirk Graham343
11%
36Ivan Boldirev335
11%
37Keith Brown330
11%
46Ron Murphy232
11%
39Steve Sullivan303
11%
47Steve Thomas230
11%
19Troy Murray488
11%
30Bill Hay386
0%
13Bill Mosienko540
0%
22Cliff Koroll462
0%
50Darcy Rota227
0%
41Darryl Sutter279
0%
16Doug Bentley531
0%
42Doug Mohns279
0%
34Ed Litzenberger344
0%
18Eric Nesterenko495
0%
40Grant Mulvey281
0%
48Gus Bodnar229
0%
24Jim Pappin444
0%
43John Marks275
0%
33Johnny Gottselig372
0%
14Kenny Wharram533
0%
45Max Bentley256
0%
31Mush March384
0%
38Pat Stapleton327
0%
44Paul Thompson264
0%
49Phil Russell229
0%
21Pierre Pilote477
0%

Distribution des résultats

Percentile par nombre de réponses

% des personnes avec chaque résultat

Votre développement - résultats

Vous n’avez pas pris ce quiz